Software para profesores /

Guardado en:
Autor Principal: Payné, A.
Otros Autores: Hutchings Bayre, P.
Formato: Libro
Publicado: Madrid : Paraninfo, 1986
Materias:
Etiquetas: Agregar Etiqueta
Sin Etiquetas, Sea el primero en etiquetar este registro!
LEADER 00453nam a22001695a 4500
001 CEM.cems004934
005 20060217000000.0
008 130507s1986##################000#0#####d
003 CEMS
082 0 4 |a 001.642 
100 1 |a Payné, A. 
245 1 0 |a Software para profesores / 
260 |a Madrid :  |b Paraninfo,  |c 1986 
300 |a 272 p. 
653 |a Computacion 
700 1 |a Hutchings Bayre, P. 
859 |a CEMS  |b BIB. CEMS - 11 de abril  |h 001.642  |i P294  |p 16566.92  |t Ej.1